000 00417nam a22001697a 4500
005 20251213154110.0
008 160520b xxu||||| |||| 00| 0 eng d
020 _a81-219-0251-9
041 _aeng
082 _b658.4034
100 _aGupta Prem. Kumar & Hira dr.D. S.
_98854
245 _aOperation Research
260 _aNew Delhi
_bSultan Chand & Sons.
300 _a1418
650 _aManagement
942 _cBK
999 _c1173
_d1173